000
00234 a2200097 4500
001
52632
100
_a
Seidman, A H
245
_a
Integrated Circuits Applications Handbook
260
_a
New York
_b
John Wiley
_c
090
_c
33102
_d
33102
942
_a
NUST-CAE
_c
M
_c
25673
999
_c
287705
_d
287705